000 00468nam a2200181Ia 4500
003 GCL
005 20240530100223.0
008 140319s9999 xx 000 0 aRus d
040 _aGCL /
_cGCL
082 0 4 _a320.54
_bV N
100 1 _aVENTOS, XAVIER
245 1 0 _aNACIONALISMOS : EL LABERINTO DE LA IDENTIDAD /
_cVENTOS, XAVIER
260 _a[S.N] :
_bE SHASA HAY ،
_c1994
300 _a241 P
650 0 4 _aNATIONALISM
700 1 _aRUBERTDE
942 _2ddc
_cBK
999 _c15339
_d15339